000 00647cam a22001457a 4500
008 180718b xxu||||| |||| 00| 0 eng d
082 _aQ39 In2v
245 _aKathmandu valley's earthquake scenario: a product of the Kathmandu Valley Earthquake Risk Management Project implemented by National Society for Earthquake Technology-Nepal (NSET-Nepal) and GeoHazards International, USA (GHI)
260 _aNepal
_bNational Society for Earthquake Technology-Nepal (NSET-Nepal)
_c
300 _a24p.
650 _aDisasters
650 _aEarthquake
650 _aDisaster management
700 _aNational Society for Earthquake Technology-Nepal (NSET-Nepal)
999 _c502335
_d502335